[Event "Zagreb GP U16"]
[Site "Zagreb"]
[Date "2013.06.04"]
[Round "5"]
[White "Paradzik, Berislav"]
[Black "Njire, Karlo"]
[Result "1-0"]
[WhiteElo "1643"]
[BlackElo "1661"]
[PlyCount "59"]
[EventDate "2013.05.26"]
[EventType "swiss"]
[EventRounds "6"]
[EventCountry "CRO"]
[SourceTitle "CBM 154 Extra"]
[Source "ChessBase"]
[SourceDate "2013.06.25"]
[SourceVersion "2"]
[SourceVersionDate "2013.06.25"]
[SourceQuality "1"]

1. d4 d5 2. c4 e6 3. Nc3 Nf6 4. Bg5 Be7 5. Nf3 Ne4 6. Bxe7 Qxe7 7. cxd5 Nxc3 8. bxc3 exd5 9. e3 Nc6 10. Bd3 0-0 11. h3 Qa3 12. Qc2 g6 13. 0-0 Ne7 14. c4 Qd6 15. c5 Qf6 16. Rad1 Bf5 17. Rfe1 Bxd3 18. Qxd3 Rfe8 19. Rb1 b6 20. cxb6 axb6 21. Rb2 Qd6 22. Rc2 Ra7 23. Rec1 Rc8 24. Ne5 f6 25. Nc6 Rb7 26. Nxe7+ Qxe7 27. Qb3 Qd7 28. Rc6 f5 29. Qb5 Kg7 30. Rxg6+ 1-0

[Event "Zagreb GP U16"]
[Site "Zagreb"]
[Date "2013.05.26"]
[Round "1"]
[White "Stojanovic, Tea"]
[Black "Njire, Karlo"]
[Result "0-1"]
[WhiteElo "1600"]
[BlackElo "1661"]
[PlyCount "54"]
[EventDate "2013.05.26"]
[EventType "swiss"]
[EventRounds "6"]
[EventCountry "CRO"]
[SourceTitle "CBM 154 Extra"]
[Source "ChessBase"]
[SourceDate "2013.06.25"]
[SourceVersion "2"]
[SourceVersionDate "2013.06.25"]
[SourceQuality "1"]

1. e3 e6 2. Nh3 d5 3. c3 Nf6 4. d4 Nc6 5. Nd2 Be7 6. b3 0-0 7. c4 Bb4 8. a3 Bc3 9. Rb1 Ne4 10. Nf4 e5 11. Ne2 exd4 12. exd4 Re8 13. b4 Bxd2+ 14. Bxd2 Nxd4 15. Nxd4 Nc3+ 16. Ne2 Nxd1 17. Rxd1 d4 18. g3 d3 19. Bg5 Qxg5 20. Rxd3 Bf5 21. Rd4 Bc2 22. Bg2 Rad8 23. 0-0 Rxe2 24. Rh4 Rd1 25. h3 Ree1 26. g4 Rxf1+ 27. Kh2 Qf4# 0-1